| 000 | 01575cam a2200373 a 4500 | ||
|---|---|---|---|
| 001 | EDZ0000158139 | ||
| 003 | StDuBDS | ||
| 005 | 20161031105233.0 | ||
| 006 | m||||||||d|||||||| | ||
| 007 | cr ||||||||||| | ||
| 008 | 130912s2008 cau fo| 001|0|eng d | ||
| 020 |
_a9781483329659 (ebook) : _cNo price |
||
| 040 |
_aStDuBDS _beng _cStDuBDS _epn |
||
| 049 | _aAlfaisal Main Library | ||
| 050 | 0 |
_aLB2369 _b.L814 2008 |
|
| 082 | 0 | 4 |
_a808.066378 _223 |
| 100 | 1 | _aLunenburg, Frederick C. | |
| 245 | 1 | 0 |
_aWriting a successful thesis or dissertation _h[electronic resource] : _btips and strategies for students in the social and behavioral sciences / _cFred C. Lunenburg and Beverly J. Irby. |
| 260 |
_aThousand Oaks, Calif. : _bCorwin, _cc2008. |
||
| 300 | _a1 online resource (xvii, 333 p.) | ||
| 504 | _aIncludes bibliographical references and index. | ||
| 520 | 8 | _aWritten for both faculty and students, 'Writing a Successful Thesis or Dissertation' provides a comprehensive 'how-to' compendium for completing a master's thesis or doctoral dissertation. | |
| 521 | _aSpecialized. | ||
| 588 | _aDescription based on print version record. | ||
| 650 | 0 |
_aDissertations, Academic _xAuthorship. |
|
| 650 | 0 | _aAcademic writing. | |
| 650 | 0 |
_aSocial sciences _xAuthorship. |
|
| 655 | 7 |
_aElectronic books. _2local |
|
| 700 | 1 | _aIrby, Beverly J. | |
| 710 | 2 | _aSage eBooks | |
| 776 | 0 | 8 |
_iPrint version : _z9781412942249 |
| 856 | 4 | 0 | _uhttp://ezproxy.alfaisal.edu/login?url=http://sk.sagepub.com/books/writing-a-successful-thesis-or-dissertation |
| 942 |
_2lcc _cEBOOKS |
||
| 999 |
_c482368 _d482368 |
||